000 00464nam a2200181Ia 4500
001 21259
005 20260306172906.0
008 260306t2014||||xx |||||||||||||| ||spa||
041 _aESP
082 _a344.51
_bG312
100 _aRojas Vargas, Fidel
_eAUT
245 0 _aLos delitos contra la vida, el cuerpo y la salud en la jurisprudencia
260 _c2014
300 _a670 páginas :
_c25
650 _aGEN
654 _aCDE
942 _cLIB
_dJUS
_fJUS
_2ddc
_n
999 _c21259
_d21259